Islam in South Asia: negotiating diversities (Record no. 6877)

MARC details
000 -LEADER
fixed length control field 00474nam a2200169Ia 4500
020 ## - INTERNATIONAL STANDARD BOOK NUMBER
ISBN 9788173048241
082 ## - DEWEY DECIMAL CLASSIFICATION NUMBER
Classification number 297.0954 ISL-
245 #0 - TITLE STATEMENT
Title Islam in South Asia: negotiating diversities
260 ## - PUBLICATION, DISTRIBUTION, ETC. (IMPRINT)
Place of publication New Delhi
Name of publisher Manohar Publishers
Year of publication 2009
300 ## - PHYSICAL DESCRIPTION
Number of Pages 294
504 ## - BIBLIOGRAPHY, ETC. NOTE
Bibliography, etc includes index
650 ## - SUBJECT ADDED ENTRY--TOPICAL TERM
Topical Term Islam
Form subdivision South Asia
-- History
650 ## - SUBJECT ADDED ENTRY--TOPICAL TERM
Topical Term Islam and politics
Geographic subdivision South Asia
650 ## - SUBJECT ADDED ENTRY--TOPICAL TERM
Topical Term Muslims
Form subdivision South Asia
-- Political activity
700 ## - ADDED ENTRY--PERSONAL NAME
Personal name Hasan, Mushirul
942 ## - ADDED ENTRY ELEMENTS (KOHA)
Koha item type Books
Holdings
Withdrawn status Lost status Damaged status Not for loan Home library Current library Date acquired Source of acquisition Bill Date Full call number Accession Number Price effective from Koha item type
        NASSDOC Library NASSDOC Library 17/11/2009 MAN 2009-09-24 297.0954 ISL- 45826 18/04/2019 Books